智多的啟發故事

資料類型: Book 圖書   書目號:32415

Leader xxxxxxxxxx
001 __ PCLIS00032415
005 __ 20030411085629.29
010 0_ |a957-|b平裝|dNT$
020 __ |acw|b82005151
100 __ |a20030411d2003        0chib0109    e
101 0_ |achi
102 __ |acw
105 __ |aa   z   000yy
200 1_ |a智多的啟發故事|e|f歡喜漫畫園編撰|g
205 __ |a初版
210 __ |a臺北市|c出版|d民92年
215 0_ |a|c圖, 表|d21公分
225 1_ |a|v
681 __ |a|b
700 __ |a歡喜漫畫園|b|4編撰
702 _1 |a|b|4801 __ |acw|b本館|c20030411
  
  
  
  
  
  
  
  
  
  
  
  
  
  
  
  
  
  
詳細館藏(共 1 筆)
索 書 號登 錄 號冊次號館別 / 館藏地流通類型狀態加入預約清單電子資源
859.6 / 8846 2012998 v1 圖書館 / 一樓普通區 可外借30天 在館   

| 條列資料




目錄查詢 分類查詢 個人資料 圖書薦購 新書查詢 閉館日 排行榜 更多電子資源 Hami書城 線上資料庫 登出

From : 216.73.216.116

  本日流通累計至 21:33:00 借閱 : 9 次 續借 : 0 次 歸還 : 10 次 預約 : 0 次 電子資源 : 0 次


內湖高中圖書館  PCLIS 版本  25.5.0.2